| 000 | 00479nam a2200169 a 4500 | ||
|---|---|---|---|
| 001 | 2186 | ||
| 003 | CDMR | ||
| 005 | 20130227134252.0 | ||
| 008 | 130130s1982||||||||||||||||||||||||||||d | ||
| 020 | _a8450081548 | ||
| 040 |
_aCDMR _bcat _cCDMR |
||
| 100 | 1 |
_aSubirà i Rocamora, Joan _91627 |
|
| 245 | 1 | 3 |
_aLa premsa a Granollers _b(1882-1982) _cper Joan Subirà |
| 260 |
_aBarcelona _c1982 _bDepartament de Cultura de la Generalitat de Catalunya |
||
| 300 | _a2 v. | ||
| 942 |
_cMON _2ddc |
||
| 999 |
_c2186 _d2186 |
||